NCAA Division 1 College Logos Quiz - Extreme - Statistics

General Stats
  • This quiz has been taken 334 times
    277 since last reset
  • The average score is 11 of 16
Answer Stats
Picture Answer % Correct
Utah
92%
Wake Forest
92%
Arizona State
91%
University of Nevada Las Vegas
91%
California
90%
Northern Illinois
90%
Washington State
90%
Georgia Southern
85%
Kent State
85%
Middle Tennessee
83%
Murray State
80%
Eastern Michigan
77%
North Dakota State
61%
Utah Tech
20%
Eastern Kentucky University
18%
Dusquesne
1%
No matching quizzes found
Score Distribution
Percent of People with Each Score
Percentile by Number Answered
Your Score History
You have not taken this quiz since the last reset